000 00759nab a2200241u 4500
001 23108
003 HDC
007 c| |||a|c|aaaa
008 210315b20170306my ||||| |||| 00| 0 may d
040 _aHDC
100 _aNabil Basaruddin /
_eauthor
_97618
245 0 _aProduk halal Jepun /
_cNabil Basaruddin
336 _atext
_2rdacontent
337 _acomputer
_2rdamedia
338 _aonline resource
_2rdacarrier
650 _ahalal products
_9642
650 _aMomohime products
_98284
710 _aHARIAN METRO
856 _zRequest full-text at [email protected]
942 _2lcc
942 _cNEWS
942 _kNWSC 005087
999 _c20424
_d20424